Algebra /

Guardado en:
Autor Principal: Cohn, P. M.
Formato: Libro
Idioma:English
Publicado: Chichester [Sussex, England] : Wiley, c1982-<c1991.
Edición:2nd ed.
Materias:
Etiquetas: Agregar Etiqueta
Sin Etiquetas, Sea el primero en etiquetar este registro!
LEADER 01079cam a2200325 a 4500
001 MAT.inmabb003271
008 811201m19829999enka#####b####001#0#eng##
005 20180502182857.0
245 1 0 |a Algebra /  |c P. M. Cohn. 
250 |a 2nd ed. 
260 |a Chichester [Sussex, England] :  |b Wiley,  |c c1982-<c1991. 
300 |a v. <1-3 > :  |b il. ;  |c 23-24 cm. 
504 |a Incluye referencias bibliográficas e índices. 
510 4 |a MR,  |c 83e:00002  |3 (v. 1) 
510 4 |a MR,  |c 91b:00001  |3 (v. 2) 
510 4 |a MR,  |c 92c:00001  |3 (v. 3) 
020 |a 0471101699 (v. 1 : pbk) 
020 |a 0471101680 (v. 1) 
020 |a 047192234X (v. 2) 
020 |a 0471922358 (v. 2 : pbk) 
020 |a 0471928402 (v. 3) 
100 1 |a Cohn, P. M.  |q (Paul Moritz) 
650 0 |a Algebra. 
084 |a 00A05  |2 MR 
084 |a 00A05 (08-01 13-01 20-01)  |2 MR 
010 |a  81021932  
040 |a DLC  |c DLC  |d DLC 
859 |h 00A05A  |i C678-2  |p A-6428  |v 1  |3 Vol. 1  |b BIB. MATEMATICA 
859 |h 00A05A  |i C678-2  |p A-6429  |v 2  |3 Vol. 2  |b BIB. MATEMATICA 
859 |h 00A05A  |i C678-2  |p A-6669  |v 3  |3 Vol. 3  |b BIB. MATEMATICA